00611nam a2200193Ia 4500008004100000020000700041082001600048100002100064245007300085250000700158260003100165300002800196500000700224600003300231650001300264942000700277952011800284999001500402240925s9999 xx 000 0 und d aNA a297.092 HAS aHasan, M. Munir, 0aHow Much Good Muslims Are We?: a test in the light of the holy quran aNA aToronto:bMc Graw-HillcNA axvi,751p.bNAfOriginal aNA aHumanities & Natural Science aReligion cBK 001040708HUMaUITUbUITUd1996-06-10eGiftg360.00l0o297.092 HASpQ0727r2024-09-25 07:12:11w2024-09-25yBK c3226d3226